[Event "Guimaraes op 3rd"]
[Site "Guimaraes"]
[Date "2019.08.31"]
[Round "5"]
[White "Gonzalez Eiris, Daniel"]
[Black "Jimenez Martinez, Jose Vicente"]
[Result "0-1"]
[WhiteElo "1977"]
[BlackElo "2264"]
[PlyCount "90"]
[EventDate "2019.08.28"]
[EventType "swiss"]
[EventRounds "7"]
[EventCountry "POR"]
[SourceTitle "EXT 2020"]
[Source "ChessBase"]
[SourceDate "2019.10.17"]
[SourceVersion "1"]
[SourceVersionDate "2019.10.17"]
[SourceQuality "1"]

1. e4 d6 2. d4 g6 3. Nc3 Bg7 4. Bg5 Nd7 5. Qd2 c5 6. Nge2 Ngf6 7. f3 Qa5 8. Bh6 Bxh6 9. Qxh6 b5 10. dxc5 b4 11. Nd5 Nxd5 12. exd5 Qxc5 13. Qg7 Rf8 14. Qd4 Qxd4 15. Nxd4 Nb6 16. Nb5 Kd8 17. c4 bxc3 18. Nxc3 Bb7 19. 0-0-0 Rc8 20. Kb1 Rc5 21. Nb5 Nxd5 22. Nxa7 Ra5 23. Nb5 Ne3 24. Nxd6 exd6 25. Rxd6+ Kc7 26. Rd3 Re8 27. b4 Rd5 28. Rc3+ Kb6 29. Bc4 Nxc4 30. Rxc4 Re2 31. Rc2 Rdd2 32. Rxd2 Rxd2 33. a4 Rxg2 34. Rd1 Bxf3 35. Rd6+ Kc7 36. Rf6 Be4+ 37. Ka1 Bd5 38. a5 Rg4 39. Rb6 Rg2 40. h4 f5 41. Rf6 Ra2+ 42. Kb1 Ra4 43. Rb6 f4 44. Rb5 Be4+ 45. Kc1 f3 0-1

[Event "Pontevedra op 7th"]
[Site "Pontevedra"]
[Date "2019.08.11"]
[Round "5"]
[White "Garcia Garcia, Samuel"]
[Black "Gonzalez Eiris, Daniel"]
[Result "1/2-1/2"]
[WhiteElo "1758"]
[BlackElo "1977"]
[PlyCount "113"]
[EventDate "2019.08.08"]
[EventType "swiss"]
[EventRounds "9"]
[EventCountry "ESP"]
[SourceTitle "EXT 2020"]
[Source "ChessBase"]
[SourceDate "2019.10.17"]
[SourceVersion "1"]
[SourceVersionDate "2019.10.17"]
[SourceQuality "1"]

1. d4 e6 2. c4 Nf6 3. Nf3 Bb4+ 4. Bd2 Qe7 5. g3 Nc6 6. Nc3 d6 7. Bg2 0-0 8. 0-0 Bxc3 9. Bxc3 a5 10. b3 e5 11. d5 Nb8 12. a3 Ne4 13. Bb2 f5 14. Nd2 Nf6 15. b4 Nbd7 16. Nb3 b6 17. Qc2 a4 18. Nc1 e4 19. f4 b5 20. cxb5 Nxd5 21. Bd4 N7b6 22. Bxb6 Nxb6 23. Na2 Be6 24. Rfc1 Rac8 25. Nc3 Bb3 26. Qd2 Qf6 27. e3 Rfd8 28. Ne2 Nc4 29. Qc3 Qxc3 30. Rxc3 Nb6 31. Kf2 Nd5 32. Rcc1 Ne7 33. Nd4 Bd5 34. Rc3 c5 35. bxc6 Bxc6 36. Rac1 Bd7 37. Bf1 Rxc3 38. Rxc3 Rc8 39. Rxc8+ Nxc8 40. Bc4+ Kf8 41. Ne6+ Ke7 42. Nd4 Nb6 43. Ba2 d5 44. Ke2 Kd6 45. Kd2 Nc8 46. Kc3 Na7 47. Bb1 g6 48. Bc2 Be8 49. Bd1 Bd7 50. Be2 h6 51. h4 h5 52. Bf1 Be8 53. Ba6 Bd7 54. Be2 Be8 55. Bd1 Bd7 56. Be2 Be8 57. Bf1 1/2-1/2

[Event "Mondariz Balneario Cemar op 4th"]
[Site "Mondariz"]
[Date "2017.08.21"]
[Round "7"]
[White "Ladron de Guevara Pinto, Miguel"]
[Black "Gonzalez Eiris, Daniel"]
[Result "0-1"]
[WhiteElo "2099"]
[BlackElo "1837"]
[PlyCount "72"]
[EventDate "2017.08.16"]
[EventType "swiss"]
[EventRounds "9"]
[EventCountry "ESP"]
[SourceTitle "CBM 180 Extra"]
[Source "ChessBase"]
[SourceDate "2017.10.06"]
[SourceVersion "1"]
[SourceVersionDate "2017.10.06"]
[SourceQuality "1"]

1. d4 e6 2. c4 Nf6 3. Nc3 Bb4 4. e3 b6 5. Bd3 Bb7 6. Nf3 Ne4 7. Qc2 f5 8. 0-0 Bxc3 9. bxc3 0-0 10. c5 Rf6 11. Ne1 bxc5 12. Rb1 Bc6 13. f3 Nd6 14. dxc5 Nb7 15. Ba3 Rh6 16. e4 f4 17. Bb5 Na5 18. Qa4 Bxb5 19. Qxb5 Nbc6 20. Bb4 a6 21. Qe2 Qh4 22. h3 Nxb4 23. cxb4 Nc6 24. Qf2 Qg5 25. Kh1 e5 26. Nc2 Qe7 27. Rfd1 Qe6 28. a3 Rd8 29. Qd2 Ne7 30. Qd3 d5 31. cxd6 Rxd6 32. Qe2 Rxh3+ 33. Kg1 Rxd1+ 34. Qxd1 Qb6+ 35. Nd4 Rh6 36. Qb3+ Kf8 0-1

[Event "Mondariz Balneario Cemar op 4th"]
[Site "Mondariz"]
[Date "2017.08.20"]
[Round "5"]
[White "De Prado Rodriguez, Oscar Bruno"]
[Black "Gonzalez Eiris, Daniel"]
[Result "1/2-1/2"]
[WhiteElo "2236"]
[BlackElo "1837"]
[PlyCount "60"]
[EventDate "2017.08.16"]
[EventType "swiss"]
[EventRounds "9"]
[EventCountry "ESP"]
[SourceTitle "CBM 180 Extra"]
[Source "ChessBase"]
[SourceDate "2017.10.06"]
[SourceVersion "1"]
[SourceVersionDate "2017.10.06"]
[SourceQuality "1"]

1. d4 e6 2. Nf3 f5 3. g3 Nf6 4. Bg2 d5 5. 0-0 Bd6 6. c4 c6 7. b3 0-0 8. Ba3 Ne4 9. Bxd6 Qxd6 10. Ne5 Nd7 11. Nxd7 Bxd7 12. f3 Nf6 13. Nc3 f4 14. gxf4 Qxf4 15. Qd3 dxc4 16. bxc4 e5 17. d5 Qd4+ 18. Qxd4 exd4 19. Ne4 cxd5 20. Nxf6+ Rxf6 21. cxd5 Bb5 22. Rfd1 Bxe2 23. Rxd4 Bxf3 24. Bxf3 Rxf3 25. d6 Rd8 26. Rc1 Rd7 27. Kg2 Rf8 28. Rc3 Rfd8 29. Rcd3 Rf8 30. Kg3 Rf6 1/2-1/2

[Event "Gallego-ch U18"]
[Site "Viveiro"]
[Date "2017.02.27"]
[Round "5"]
[White "Roma Barge, Gabriel"]
[Black "Gonzalez Eiris, Daniel"]
[Result "1-0"]
[WhiteElo "1976"]
[BlackElo "1795"]
[PlyCount "45"]
[EventDate "2017.02.25"]
[EventType "swiss"]
[EventRounds "8"]
[EventCountry "ESP"]
[SourceTitle "EXT 2024"]
[Source "ChessBase"]
[SourceDate "2023.10.10"]
[SourceVersion "1"]
[SourceVersionDate "2023.10.10"]
[SourceQuality "1"]

1. e4 e6 2. d4 d5 3. Nc3 Nf6 4. e5 Nfd7 5. f4 c5 6. Nf3 Nc6 7. Be3 cxd4 8. Nxd4 Qb6 9. Qd2 Qxb2 10. Rb1 Qa3 11. Bb5 Nxd4 12. Bxd4 a6 13. Bxd7+ Bxd7 14. Rb3 Qe7 15. Rxb7 Qh4+ 16. Bf2 Qd8 17. Bb6 Qh4+ 18. g3 Qh3 19. Rxd7 Kxd7 20. Nxd5 Kc6 21. Qc3+ Kxd5 22. Qf3+ Kc4 23. Qb3# 1-0

[Event "Gallego-ch U18"]
[Site "Viveiro"]
[Date "2017.02.26"]
[Round "3"]
[White "Couceiro Naveira, Patricia"]
[Black "Gonzalez Eiris, Daniel"]
[Result "0-1"]
[WhiteElo "1167"]
[BlackElo "1795"]
[PlyCount "86"]
[EventDate "2017.02.25"]
[EventType "swiss"]
[EventRounds "8"]
[EventCountry "ESP"]
[SourceTitle "EXT 2024"]
[Source "ChessBase"]
[SourceDate "2023.10.10"]
[SourceVersion "1"]
[SourceVersionDate "2023.10.10"]
[SourceQuality "1"]

1. e4 e6 2. d4 d5 3. exd5 exd5 4. Nf3 Bd6 5. Nc3 Ne7 6. h3 Nbc6 7. Bd3 Nb4 8. a3 Nxd3+ 9. Qxd3 c6 10. Qe2 Qc7 11. 0-0 0-0 12. Be3 a5 13. Qd2 Nf5 14. Ne2 Qe7 15. Bf4 Bxf4 16. Nxf4 Nd6 17. Rfe1 Ne4 18. Rad1 Qd6 19. Qe3 Re8 20. Ne5 f6 21. Ned3 Bd7 22. Qf3 Re7 23. Re2 Rae8 24. Kf1 g5 25. Nh5 Kh8 26. Nc5 f5 27. Nxd7 Qxd7 28. Qd3 Qe6 29. Rde1 Qf7 30. Ng3 Qe6 31. Nxe4 dxe4 32. Qe3 f4 33. Qc3 Kg8 34. Qc5 Qd5 35. Qxd5+ cxd5 36. b3 Rc8 37. Rc1 b5 38. c3 Kf7 39. Ke1 Rec7 40. Rec2 h5 41. Kd2 Ke6 42. Rd1 Kf5 43. g3 b4 0-1

[Event "Mondariz Cemar op 2nd"]
[Site "Mondariz"]
[Date "2015.08.23"]
[Round "9"]
[White "Otero Campos, Cintia"]
[Black "Gonzalez Eiris, Daniel"]
[Result "0-1"]
[WhiteElo "1139"]
[BlackElo "1833"]
[PlyCount "72"]
[EventDate "2015.08.16"]
[EventType "swiss"]
[EventRounds "9"]
[EventCountry "ESP"]
[SourceTitle "EXT 2019"]
[Source "ChessBase"]
[SourceDate "2018.10.10"]
[SourceVersion "1"]
[SourceVersionDate "2018.10.10"]
[SourceQuality "1"]

1. e4 e6 2. Nc3 d5 3. exd5 exd5 4. d4 c6 5. Nf3 Bd6 6. Ne2 Ne7 7. Bf4 Bxf4 8. Nxf4 Qd6 9. Nh5 0-0 10. Ng3 Qb4+ 11. c3 Qxb2 12. Qb1 Qxc3+ 13. Kd1 Bg4 14. Be2 Bxf3 15. Bxf3 Qxd4+ 16. Ke2 b6 17. Re1 Qc4+ 18. Qd3 Qxd3+ 19. Kxd3 Ng6 20. Nf5 Na6 21. g3 Rfe8 22. Bh5 Ne5+ 23. Kd4 c5+ 24. Kxd5 Rad8+ 25. Nd6 Nb4+ 26. Ke4 Rxd6 27. Kf5 g6+ 28. Kg5 gxh5 29. f4 Nf3+ 30. Kxh5 Nxe1 31. a3 Rd5+ 32. Kg4 Re6 33. f5 Re4+ 34. Kg5 Nf3+ 35. Kh5 Rxf5+ 36. Kh6 Re6# 0-1

[Event "Lisbon Christmas op"]
[Site "Lisbon"]
[Date "2014.12.28"]
[Round "4"]
[White "Ferreira, Carlos Andre Santos"]
[Black "Gonzalez Eiris, Daniel"]
[Result "1-0"]
[WhiteElo "1957"]
[BlackElo "1765"]
[PlyCount "53"]
[EventDate "2014.12.26"]
[EventType "swiss"]
[EventRounds "9"]
[EventCountry "POR"]
[SourceTitle "EXT 2018"]
[Source "ChessBase"]
[SourceDate "2017.10.13"]
[SourceVersion "1"]
[SourceVersionDate "2017.10.13"]
[SourceQuality "1"]

1. e4 e6 2. d4 d5 3. Nd2 dxe4 4. Nxe4 Nd7 5. Nf3 Ngf6 6. Nxf6+ Nxf6 7. Bd3 c5 8. 0-0 Be7 9. c3 0-0 10. Be3 Qc7 11. Ne5 Nd5 12. Qh5 f5 13. Rae1 Nxe3 14. fxe3 Bd6 15. Nf3 Qf7 16. Qxf7+ Rxf7 17. e4 Bd7 18. exf5 exf5 19. Bc4 cxd4 20. Ng5 Raf8 21. Nxf7 Rxf7 22. Bxf7+ Kxf7 23. cxd4 g6 24. d5 Bc5+ 25. Kh1 Bb5 26. Rf3 Bd4 27. Rc1 1-0

[Event "Lisbon Christmas op"]
[Site "Lisbon"]
[Date "2014.12.27"]
[Round "2"]
[White "Broek, Barry"]
[Black "Gonzalez Eiris, Daniel"]
[Result "1/2-1/2"]
[WhiteElo "1465"]
[BlackElo "1765"]
[PlyCount "137"]
[EventDate "2014.12.26"]
[EventType "swiss"]
[EventRounds "9"]
[EventCountry "POR"]
[SourceTitle "EXT 2018"]
[Source "ChessBase"]
[SourceDate "2017.10.13"]
[SourceVersion "1"]
[SourceVersionDate "2017.10.13"]
[SourceQuality "1"]

1. e4 e6 2. d4 d5 3. exd5 exd5 4. Nf3 Bd6 5. Nc3 Ne7 6. Nb5 Nbc6 7. Nxd6+ Qxd6 8. g3 Bf5 9. a3 Qe6+ 10. Be2 Qe4 11. c3 Bh3 12. Qd3 Qxd3 13. Bxd3 Bg2 14. Rg1 Bxf3 15. Bf4 0-0-0 16. Kd2 Ng6 17. Bf5+ Kb8 18. Be3 Nce7 19. Bc2 Bg4 20. h3 Be6 21. h4 Nf5 22. b4 Rde8 23. a4 Nxe3 24. fxe3 Ne7 25. b5 Nc8 26. e4 dxe4 27. Bxe4 Bb3 28. Bd3 Nd6 29. a5 Ne4+ 30. Bxe4 Rxe4 31. Rae1 Rhe8 32. Rxe4 Rxe4 33. Kd3 Rg4 34. c4 a6 35. Kc3 Ba4 36. b6 cxb6 37. axb6 Re4 38. Kd3 Re6 39. Rf1 Rxb6 40. Rxf7 Rb3+ 41. Ke4 Rxg3 42. Kd5 Bb3 43. Kc5 Rg6 44. d5 Rg4 45. Kb6 Rxc4 46. Rxb7+ Kc8 47. Rxg7 Rxh4 48. Rc7+ Kd8 49. d6 Rh6 50. Kc5 a5 51. Ra7 Rh2 52. Kc6 Ba4+ 53. Kb6 Rh5 54. Rg7 Bd7 55. Rg8+ Be8 56. Rg7 a4 57. Ra7 Rb5+ 58. Ka6 a3 59. Ra8+ Rb8 60. Rxb8+ Kd7 61. Rb1 a2 62. Ra1 Bf7 63. Kb5 Kxd6 64. Kb4 h5 65. Kc3 h4 66. Rh1 Be6 67. Kb2 h3 68. Rxh3 Bxh3 69. Kxa2 1/2-1/2

[Event "Mondariz Marcote Memorial"]
[Site "Mondariz"]
[Date "2014.08.23"]
[Round "8"]
[White "Silva, Antonio Araujo Da"]
[Black "Gonzalez Eiris, Daniel"]
[Result "1-0"]
[WhiteElo "1965"]
[BlackElo "1666"]
[PlyCount "147"]
[EventDate "2014.08.16"]
[EventType "swiss"]
[EventRounds "9"]
[EventCountry "ESP"]
[SourceTitle "EXT 2015"]
[Source "ChessBase"]
[SourceDate "2014.11.20"]
[SourceVersion "1"]
[SourceVersionDate "2014.11.20"]
[SourceQuality "1"]

1. e4 e6 2. d4 d5 3. Nd2 dxe4 4. Nxe4 Bd7 5. Nf3 Bc6 6. Bd3 Nd7 7. 0-0 Ngf6 8. Ng3 Bd6 9. Re1 0-0 10. a3 Bxf3 11. Qxf3 c6 12. Ne4 Nxe4 13. Qxe4 Nf6 14. Qh4 g6 15. Re3 Nd5 16. Qxd8 Rfxd8 17. Re4 Be7 18. Re1 Nc7 19. Be3 Bf6 20. Bf4 Nd5 21. Be3 Nc7 22. c3 c5 23. d5 Nxd5 24. Rad1 Nxe3 25. fxe3 Rd7 26. Be4 Rad8 27. Rxd7 Rxd7 28. Kf2 Rd2+ 29. Re2 Rxe2+ 30. Kxe2 b6 31. Kd3 Be5 32. g3 Kf8 33. Kc4 a5 34. Kb5 Bc7 35. Kc6 Bd8 36. Kd7 Bg5 37. Kc6 Bxe3 38. Kxb6 Bc1 39. a4 Bxb2 40. c4 f5 41. Bf3 Bc3 42. Kxc5 Bb4+ 43. Kc6 Ke7 44. c5 Kd8 45. Kb6 Kc8 46. Bb7+ Kb8 47. Ba6 Bc3 48. Kc6 Bd4 49. Kd6 Bg1 50. c6 Bb6 51. Kd7 Bc7 52. Kxe6 h5 53. Kf6 h4 54. gxh4 Bxh2 55. Kxg6 f4 56. h5 f3 57. h6 Be5 58. Kf7 Kc7 59. Bb5 f2 60. Kg8 f1Q 61. Bxf1 Kxc6 62. h7 Kc5 63. h8Q Bxh8 64. Kxh8 Kb4 65. Bb5 Kc5 66. Kg7 Kd5 67. Kf8 Kd6 68. Ke8 Kc7 69. Ke7 Kb7 70. Kd7 Kb6 71. Kd6 Kb7 72. Kc5 Kc7 73. Bc6 Kb8 74. Kb6 1-0

[Event "Mondariz Marcote Memorial"]
[Site "Mondariz"]
[Date "2014.08.22"]
[Round "7"]
[White "Gonzalez Eiris, Daniel"]
[Black "Garcia Sobrino, David"]
[Result "0-1"]
[WhiteElo "1666"]
[BlackElo "1852"]
[PlyCount "122"]
[EventDate "2014.08.16"]
[EventType "swiss"]
[EventRounds "9"]
[EventCountry "ESP"]
[SourceTitle "EXT 2015"]
[Source "ChessBase"]
[SourceDate "2014.11.20"]
[SourceVersion "1"]
[SourceVersionDate "2014.11.20"]
[SourceQuality "1"]

1. d4 f5 2. Bf4 Nf6 3. e3 g6 4. Nf3 Bg7 5. Bc4 e6 6. h3 0-0 7. 0-0 Kh8 8. Nbd2 d6 9. c3 Qe8 10. Bh2 Nc6 11. Re1 e5 12. dxe5 Nxe5 13. Bb3 Nd3 14. Re2 Ne4 15. Qc2 Nec5 16. Bd5 Nxb2 17. Qxb2 Na4 18. Qb3 Nxc3 19. Ree1 Nxd5 20. Qxd5 Bxa1 21. Rxa1 Qf7 22. Qd4+ Qf6 23. Rc1 Qxd4 24. Nxd4 Rf7 25. Nb5 Be6 26. Nxc7 Rc8 27. Bxd6 Kg8 28. Nf3 Rd7 29. Bf4 Bxa2 30. Ra1 Bc4 31. Rxa7 Rdxc7 32. Bxc7 Rxc7 33. Nd4 Kf7 34. Kh2 Ke7 35. Ra8 Kd6 36. Ra5 b6 37. Ra1 Kc5 38. Rc1 Kd5 39. Rd1 Ke4 40. Rb1 Rb7 41. Nb5 Bxb5 42. Rxb5 Kd3 43. Kg3 Kc4 44. Rb1 b5 45. Kf3 b4 46. Ke2 Kc3 47. Rc1+ Kb2 48. Rc5 b3 49. Kd3 Rd7+ 50. Kc4 Rd2 51. Rb5 Rc2+ 52. Kd3 Rxf2 53. g4 fxg4 54. hxg4 Rf7 55. g5 Ka2 56. Ra5+ Kb1 57. Rb5 b2 58. Kd2 Rd7+ 59. Ke2 Ra7 60. Kd2 Ka2 61. Kc2 Rc7+ 0-1

[Event "Mondariz Marcote Memorial"]
[Site "Mondariz"]
[Date "2014.08.21"]
[Round "6"]
[White "Gonzalez Eiris, Daniel"]
[Black "Dominguez Certal, Dario"]
[Result "1-0"]
[WhiteElo "1666"]
[BlackElo "1501"]
[PlyCount "89"]
[EventDate "2014.08.16"]
[EventType "swiss"]
[EventRounds "9"]
[EventCountry "ESP"]
[SourceTitle "EXT 2015"]
[Source "ChessBase"]
[SourceDate "2014.11.20"]
[SourceVersion "1"]
[SourceVersionDate "2014.11.20"]
[SourceQuality "1"]

1. d4 d5 2. Bf4 Nf6 3. Nf3 e6 4. e3 c5 5. c3 cxd4 6. exd4 Nc6 7. Bd3 Bd6 8. Bg3 Bxg3 9. hxg3 Bd7 10. Nbd2 Qc7 11. Qc2 h6 12. Ng5 e5 13. Nh3 e4 14. Be2 Nxd4 15. Qd1 Nxe2 16. Qxe2 Qb6 17. Nb3 Bxh3 18. gxh3 0-0 19. h4 Rfe8 20. Nd4 Qc7 21. 0-0-0 e3 22. f4 h5 23. Nc2 Rad8 24. Kb1 Ng4 25. Rhe1 Qc5 26. Rd3 Kf8 27. Qf3 g6 28. Nxe3 Nxe3 29. Rdxe3 Rxe3 30. Rxe3 Re8 31. Rd3 Qg1+ 32. Kc2 Qa1 33. Qxd5 Re1 34. Qd6+ Kg7 35. Qd4+ Kf8 36. Qh8+ Ke7 37. Qd8+ Ke6 38. Rd6+ Kf5 39. Qg5+ Ke4 40. Rd4+ Kf3 41. Rd3+ Kg2 42. Qd5+ Kh3 43. Qf3 Rb1 44. g4+ Kh2 45. Rd2+ 1-0

[Event "Arteixo Concello U2200 op 15th"]
[Site "Arteixo"]
[Date "2014.07.25"]
[Round "2.8"]
[White "Gomez Torre, Jose Ramon"]
[Black "Gonzalez Eiris, Daniel"]
[Result "1-0"]
[WhiteElo "1978"]
[BlackElo "1491"]
[PlyCount "89"]
[EventDate "2014.07.25"]
[EventType "swiss"]
[EventRounds "6"]
[EventCountry "ESP"]
[SourceTitle "EXT 2024"]
[Source "ChessBase"]
[SourceDate "2023.10.10"]
[SourceVersion "1"]
[SourceVersionDate "2023.10.10"]
[SourceQuality "1"]

1. b3 f5 2. Bb2 e6 3. c4 Nf6 4. g3 Be7 5. Bg2 d6 6. d4 0-0 7. Nc3 c5 8. Nf3 Nc6 9. dxc5 dxc5 10. Qxd8 Rxd8 11. e3 Nb4 12. 0-0 Nd3 13. Na4 Bd7 14. Bc3 b5 15. cxb5 Bxb5 16. Ng5 Nb4 17. Nxe6 Bxf1 18. Kxf1 Nfd5 19. Bxb4 cxb4 20. Bxd5 Rxd5 21. Nc7 Bf6 22. Rb1 Rad8 23. Nxd5 Rxd5 24. Ke2 Bc3 25. Rd1 Ra5 26. Rd7 h6 27. Rc7 Kh7 28. Rc5 Rxc5 29. Nxc5 Kg6 30. f3 h5 31. e4 Be5 32. Nd3 Bd6 33. e5 Be7 34. Ke3 Kf7 35. h4 g5 36. hxg5 Bxg5+ 37. Kd4 h4 38. gxh4 Bxh4 39. Nxb4 Ke6 40. Nd3 Bg3 41. Nc5+ Ke7 42. Kd5 Bf2 43. Ne6 Be3 44. Ng7 f4 45. Nh5 1-0